000 00641nam a2200217 i 4500
003 DO-SdBNP
005 20230504114727.0
006 a||||br|||| 00| 0
007 ta
008 230504e1977 dr a|||b |||| 001 0 spa d
040 _aDO-SdBNP
_bspa
_cBNPHU
_erda
082 4 _222
_bG943m
245 0 0 _aGuía para el maestro :
_bmatemática 1er. curso, educación media /
264 3 3 _aSanto Domingo :
_bEDYCA,
_c1977
300 _a48 páginas :
_bilustraciones,
_c27 cm
336 _2rdaconten
_atexto
_btxt
337 _2rdamedia
_asin medición
_bn
338 _2rdacarrier
_avolumen
_bnc
590 _aInventariado 2023 / MF
942 _2ddc
_cLF2
999 _c53419
_d53419